Số liệu kinh tế - xã hội các nước và vùng lãnh thổ trên thế giới

Spremljeno u:
Bibliografski detalji
Glavni autor: Tổng cục thống kê
Format: Knjiga
Jezik:Undetermined
Izdano: H. Thống Kê 2002
Teme:
Oznake: Dodaj oznaku
Bez oznaka, Budi prvi tko označuje ovaj zapis!
Thư viện lưu trữ: Trung tâm Học liệu Trường Đại học Cần Thơ
LEADER 00642nam a2200193Ia 4500
001 CTU_53552
008 210402s9999 xx 000 0 und d
020 |b 120000 
082 |a 330.9 
082 |b T455 
100 |a Tổng cục thống kê 
245 0 |a Số liệu kinh tế - xã hội các nước và vùng lãnh thổ trên thế giới 
245 0 |c Tổng cục thống kê 
260 |a H. 
260 |b Thống Kê 
260 |c 2002 
650 |a economic geography,economics 
650 |x sociological aspects,statistical methods 
980 |a Trung tâm Học liệu Trường Đại học Cần Thơ